Statistiques concernant Pays les plus proches de l'Islande

Cliquez ici pour prendre le quiz!

Statistiques générales

  • Ce quiz a été pris 9 440 fois
    (9 332 depuis la dernière actualisation)
  • Le résultat moyen est 18 sur 20

Statistiques - réponses

kmPays% Correct
284Danemark (Groenland)
99%
1771France
99%
784Royaume-Uni
99%
539Norvège (Jan Mayen)
98%
1238Suède
98%
1072Irlande
97%
1777Belgique
96%
1491Finlande
96%
1630Allemagne
94%
1655Pays-Bas
94%
1637Canada
91%
1800Russie
90%
1987Luxembourg
89%
2285Suisse
88%
2286Espagne
87%
1967Pologne
87%
1945Estonie
80%
2022Lettonie
80%
2100Lituanie
80%
2202Tchéquie
67%

Distribution des résultats

Percentile par nombre de réponses

% des personnes avec chaque résultat

Votre développement - résultats

Vous n’avez pas pris ce quiz depuis la dernière actualisation